=LDR 00000nam 2200000 4500 =001 NUTBA000000000002287 =005 20140611112235.0 =006 =007 =008 =020 ##$$a 979-744-463-5 =035 ##$$a 0010-061400000000230 =040 ##$$a NBPDMAT =082 ##$$a 639.34 =090 ##$$a 639.34 $b Sut b =100 ##$$a Sutrisno =245 ##$$a Budidaya ikan hias / $c Sutrisno ; editor, Liza =260 ##$$a Jakarta : $b Azka Press, $c 2006 =300 ##$$a 60 hlm. : $b ilus. ; $c 21 cm. =500 ##$$a Bibliografi : hlm. 60 =650 ##$$a Ikan Hias - Budidaya =700 ##$$a Liza =850 ##$$a NBPDMAT =990 ##$$a 21401742